00913nam a2200265 45000010005000000030006000050050017000110080041000280100017000690200014000860400018001000420009001180500019001270820010001461000019001562450046001752500035002212600046002563000024003023500009003265200222003356500033005576500030005907000027006202863FISKH20240118153703.0701117s1970 pau j 000 1 eng  a 71117236  a019271404 aDLCcDLCdDLC alcac00aPZ7.C57926bMi00a[Fic]1 aCleaver, Vera.14aThe mimosa tree /cVera and Bill Cleaver. aThis edition published in 1977 aLondon : bOxford University Press,c1970 a109 pages :c23 cm  a3.95 aShortly after the Proffitts arrive in the Chicago slums from North Carolina, the stepmother leaves the family and fourteen-year-old Marvella becomes the sole support for her blind father and the four younger children. 1aCity and town lifexFiction. 1aSocial problemsxFiction.1 aCleaver, Bill,eAuthor